Introducción a la estadística con aplicaciones a los seguros generales
Guardat en:
| Autors principals: | , , |
|---|---|
| Format: | Llibre |
| Idioma: | espanyol |
| Publicat: |
Madrid
MAPFRE
2001
|
| Col·lecció: | Colección Universitaria
|
| Matèries: | |
| Etiquetes: |
Afegir etiqueta
Sense etiquetes, Sigues el primer a etiquetar aquest registre!
|
MARC
| LEADER | 00000nam a2200000 a 4500 | ||
|---|---|---|---|
| 001 | UCK2799 | ||
| 003 | CL-VaPUC | ||
| 008 | 050318e20010000SP |||||||||||||||||spa|d | ||
| 020 | |a 8471007894 | ||
| 082 | 0 | 4 | |a 519.5 |b HOS |2 21 |
| 100 | 0 | |a Hossack, I. B |e author |9 490809 | |
| 700 | 0 | |a Pollard, J. H |e author |9 490810 | |
| 700 | 0 | |a Zehnwirth, B |e author |9 490811 | |
| 245 | 1 | 0 | |a Introducción a la estadística con aplicaciones a los seguros generales |
| 300 | |a 313 p | ||
| 942 | |c BK | ||
| 945 | |d 20050318 00:00:00 |a cmena | ||
| 260 | |a Madrid |b MAPFRE |c 2001 | ||
| 650 | 0 | |a Estadística matemática |9 260028 | |
| 650 | 0 | |a Teoría de probabilidades |9 336944 | |
| 650 | 7 | |a SEGUROS |2 CL-VaPUC |9 490812 | |
| 650 | 7 | |a COMPAÑIAS DE SEGUROS |2 CL-VaPUC |9 256441 | |
| 583 | |a last modification |c 20050318 00:00:00 |k Rodrigo Vera | ||
| 490 | 0 | |a Colección Universitaria | |
| 999 | |c 312255 |d 312253 | ||
| 952 | |0 0 |1 0 |4 0 |6 519_500000000000000_HOS_2001 |7 0 |8 A |9 382246 |a BIBGIM |b BIBGIM |d 2019-11-21 |i 4099524 |o 519.5 HOS 2001 |p 4099524 |r 2025-01-15 |w 2019-11-21 |y BK |k EST | ||
| 952 | |0 0 |1 0 |4 0 |6 519_500000000000000_HOS_2001 |7 0 |8 A |9 382247 |a BIBGIM |b BIBGIM |d 2019-11-21 |i 4099532 |o 519.5 HOS 2001 |p 4099532 |r 2025-01-15 |w 2019-11-21 |y BK |k EST | ||